Výskum trhu a verejnej mienky

Bibliographic Details
Main Author: Chmelíková, Stanislava (Author)
Format: Article
Language:Slovak
PhysicalDescription:Fotogr. 1
ISSN:0862-9567
Subjects:

MARC

LEADER 00000nab a2200000 a 4500
001 vtls000637148
003 SK-MaSNL
005 20260302185108.0
008 140228c1997 xo 0 slo
015 |a SNBRB19rr/mm-uuuuu 
035 |a CL0637287 
040 |a SNKBUCL  |b slo  |c SNKBUCL  |e AACR2 
041 0 |a slo 
044 |a xo  |c SK 
080 |a 339.1:659.4:061.66(437.6)  |2 1981 
080 |a 659.4  |2 1981 
100 1 |a Chmelíková, Stanislava  |4 aut  |9 901207 
245 1 0 |a Výskum trhu a verejnej mienky  |c Stanislava Chmelíková 
300 |b Fotogr. 1 
610 7 |a AISA Slovensko (Bratislava, Slovensko)  |2 snkbucl  |9 897660 
650 0 7 |a trh  |2 snkbucl  |9 406496 
650 0 7 |a verejná mienka  |2 snkbucl  |9 13297 
655 7 |a články z novín a časopisov  |2 snkbucl  |9 267496 
773 0 |t Hospodárske noviny  |g Roč. 5, č. 182 (24. 9. 1997), s. 7  |x 0862-9567 
850 |a Slovenská národná knižnica v Martine  |a MTA001 
852 |a SNK  |b KIS3GCP 
957 |a 5100 
958 |a SK 
958 |a RK 
992 |a RBX 
999 |c 1428056  |d 1429986